书目信息 |
| 题名: |
酶工程
|
|
| 作者: | 陈守文 主编 | |
| 分册: | ||
| 出版信息: | 北京 科学出版社 2008 |
|
| 页数: | 263页 | |
| 开本: | 26cm | |
| 丛书名: | ||
| 单 册: | ||
| 中图分类: | Q814 | |
| 科图分类: | ||
| 主题词: | 酶--生物工程--高等教育--教材 , 酶 , 生物工程 | |
| 电子资源: | ||
| ISBN: | 978-7-03-020813-2 | |
| 000 | 00856nam0 2200265 45 | |
| 001 | 1130148969 | |
| 005 | 20110309141635.14 | |
| 010 | @a978-7-03-020813-2@dCNY28.00 | |
| 100 | @a20110111e20102008ekmy0chiy0120 ea | |
| 101 | 0 | @achi |
| 102 | @aCN@b110000 | |
| 105 | @ay z 000yy | |
| 106 | @ar | |
| 200 | 1 | @a酶工程@AMei Gong Cheng@f陈守文主编@FChen Shou Wen Zhu Bian |
| 210 | @a北京@c科学出版社@d2008@h2010 | |
| 215 | @a263页@d26cm | |
| 300 | @a科学出版社普通高等教育规划教材 普通高等教育“十一五”规划教材 | |
| 330 | @a本书共十一章,内容包括:酶工程基础、酶的发酵工程、酶的分离工程、酶反应器和酶传感器、酶抑制剂以及酶的应用。 | |
| 606 | 0 | @a酶@x生物工程@x高等教育@j教材 |
| 606 | 0 | @a酶 |
| 606 | 0 | @a生物工程 |
| 690 | @aQ814@v4 | |
| 701 | 0 | @a陈守文@AChen Shou Wen@4主编 |
| 801 | 0 | @aCN@bTANGWEI@c20110309 |
| 905 | @b0529872-76@dQ814@e150@f5 | |
| 酶工程/陈守文主编.-北京:科学出版社,2008(2010) |
| 263页;26cm |
| 科学出版社普通高等教育规划教材 普通高等教育“十一五”规划教材 |
| ISBN 978-7-03-020813-2:CNY28.00 |
| 本书共十一章,内容包括:酶工程基础、酶的发酵工程、酶的分离工程、酶反应器和酶传感器、酶抑制剂以及酶的应用。 |
| ● |
| 相关链接 |
|
|
|
|
正题名:酶工程
索取号:Q814/150
 
预约/预借
| 序号 | 登录号 | 条形码 | 馆藏地/架位号 | 状态 | 备注 |
| 1 | 0529872 | 205298729 | 第二样本阅览室/ [索取号:Q814/150] | 在馆 | |
| 2 | 0529873 | 205298738 | 第三借阅区/ [索取号:Q814/150] | 在馆 | |
| 3 | 0529874 | 205298747 | 第三借阅区/ [索取号:Q814/150] | 在馆 | |
| 4 | 0529875 | 205298756 | 第三借阅区/ [索取号:Q814/150] | 在馆 | |
| 5 | 0529876 | 205298765 | 密集书库-生命科学系/ [索取号:Q814/150] | 在馆 |